PHYSICAL SPELEOLOGY NATURAL CAVES OF CHATTISGARH/ (Record no. 212413)
[ view plain ]
| 000 -LEADER | |
|---|---|
| fixed length control field | 00661nam a22002177a 4500 |
| 005 - DATE AND TIME OF LATEST TRANSACTION | |
| control field | 20250717144356.0 |
| 010 ## - LCCN (DPL NO) | |
| LC control number | ENG-146008 |
| 020 ## - INTERNATIONAL STANDARD BOOK NUMBER | |
| Terms of availability | 9680.00 |
| International Standard Book Number | 9789392568725 |
| 035 ## - SYSTEM CONTROL NUMBER | |
| System control number | EN-129540 |
| 037 ## - SOURCE OF ACQUISITION | |
| Source of stock number/acquisition | DBAD |
| 082 ## - DEWEY DECIMAL CLASSIFICATION NUMBER | |
| Classification number | 551.44 |
| Edition number | 1 |
| 100 ## - MAIN ENTRY--PERSONAL NAME | |
| Personal name | Diwan, H.D. |
| 245 ## - TITLE STATEMENT | |
| Title | PHYSICAL SPELEOLOGY NATURAL CAVES OF CHATTISGARH/ |
| Statement of responsibility, etc | H.D. Diwan |
| 250 ## - EDITION STATEMENT | |
| Edition statement | 1 |
| 260 ## - PUBLICATION, DISTRIBUTION, ETC. (IMPRINT) | |
| Place of publication, distribution, etc | Chhattisgarh |
| Name of publisher, distributor, etc | Aditi Publication |
| Date of publication, distribution, etc | 2023 |
| 270 ## - ADDRESS | |
| City | Chhattisgarh |
| Telephone number | 9425210308 |
| Address | Opp. New Panchajanya Vidya Mandir, Near Tiranga Chowk, Kushalpur, Raipur |
| 300 ## - PHYSICAL DESCRIPTION | |
| Extent | 313,vip. |
| Dimensions | 21cm(pb) |
| 490 ## - SERIES STATEMENT | |
| Volume number/sequential designation | 1 |
| 700 ## - ADDED ENTRY--PERSONAL NAME | |
| 9 (RLIN) | 75124 |
| 942 ## - ADDED ENTRY ELEMENTS (KOHA) | |
| Source of classification or shelving scheme | Dewey Decimal Classification |
| Item type | English Books |
| Classification part | 551.44 |
| Call number suffix | DIW |
| Edition | 1 |
| Withdrawn status | Lost status | Not for loan | Collection code | Home library | Current library | Date acquired | Source of acquisition | Cost, normal purchase price | Full call number | Barcode | Copy number | Cost, replacement price | Koha item type |
|---|---|---|---|---|---|---|---|---|---|---|---|---|---|
| Non-fiction | Kasturba Gandhi Marg | Kasturba Gandhi Marg | 17/07/2025 | Delivery of Books Act Division | 9680.00 | 551.44 DIW | EN-129540 | 1 | 9680.00 | English Books |
